000 00628nam a2200217 i 4500
001 bgj
245 1 0 _aSprache im technischen Zeitalter :
_bSonnendruck.
_chrsg. von Walter Höllerer und Norbert Miller.
_n51/1974 /
246 1 _aAnnoncen als literarisches und literaturwissenschaftliches Thema.
260 _bKohlhammer,
_c1974.
300 _aS. 230-240
_c24 cm.
650 9 _aJęzykoznawstwo
700 1 _aHÖLLERER, Walter.
700 1 _aMILLER, Norbert.
700 1 _aRIHA, Karl.
040 _cBPK
041 0 _ager
044 _aDEU
080 _a81'1
942 _cKS
008 s gw f |000 0 ger
999 _c49936
_d49936